书目信息 |
| 题名: |
乳品检验技术
|
|
| 作者: | 吴亦侠 | |
| 分册: | ||
| 出版信息: | 中国农业出版社 1997. 3 |
|
| 页数: | 193页 | |
| 开本: | 32开 | |
| 丛书名: | ||
| 单 册: | ||
| 中图分类: | TS252.4 | |
| 科图分类: | ||
| 主题词: | 食品工业 | |
| 电子资源: | ||
| ISBN: | ||
| 000 | 00495nam0 2200193 45 | |
| 001 | 0308271078 | |
| 005 | 20030827105713.5 | |
| 010 | @dRMB11.60 | |
| 100 | @a20030827d1997 km y0chiy0120 ea | |
| 101 | @achi | |
| 105 | @a z 000yy | |
| 200 | 1 | @a乳品检验技术@Aru pin jian yan ji shu@f吴亦侠@Fwu yi xia |
| 210 | @c中国农业出版社@d1997. 3 | |
| 215 | @a193页@c无图表@d32开 | |
| 606 | 0 | @a食品工业 |
| 690 | @aTS252.4@v3 | |
| 701 | 0 | @a吴亦侠 |
| 801 | @aCN@b@c20030827 | |
| 905 | @aBZT@dTS252.4@e85 | |
| 乳品检验技术/吴亦侠.-中国农业出版社,1997. 3 |
| 193页:无图表;32开 |
| ISBN :RMB11.60 |
| ● |
| 相关链接 |
|
|
|
正题名:乳品检验技术
索取号:TS252.4/85
 
预约/预借
| 序号 | 登录号 | 条形码 | 馆藏地/架位号 | 状态 | 备注 |